000 00576nam a2200193Ia 4500
003 GCL
008 140319s9999 xx 000 0 ara d
040 _aGCL /
_cGCL
082 0 4 _a910.09
_bا د
100 1 _aاحمد على اسماعيل
245 1 0 _aدراسات فى جغرافية المدن /
_cاحمد على اسماعيل
260 _a[S.N] :
_bدار الثقافة للنشر والتوزيع ،
_c1993
300 _a468 ص
490 _a
650 0 4 _aالسكان
650 0 4 _aالبيئة والانسان
650 0 4 _aالمدن
942 _2ddc
_cBK
999 _c31810
_d31810